Circunstancia ininterrumpida (Record no. 7859)

MARC details
000 -LEADER
campo de control de longitud fija 00371nam a2200145Ia 4500
001 - NÚMERO DE CONTROL
campo de control 2243
008 - DATOS DE LONGITUD FIJA--INFORMACIÓN GENERAL
campo de control de longitud fija 241024s9999 xx 000 0 und d
020 ## - NÚMERO INTERNACIONAL ESTÁNDAR DEL LIBRO
Número Internacional Estándar del Libro 978-99934-42-91-2
082 ## - NÚMERO DE LA CLASIFICACIÓN DECIMAL DEWEY
Número de clasificación RD/861.44/SA161c
100 ## - ENTRADA PRINCIPAL--NOMBRE DE PERSONA
Nombre de persona Carlos Salcedo
245 #0 - MENCIÓN DEL TÍTULO
Título Circunstancia ininterrumpida
260 ## - PUBLICACIÓN, DISTRIBUCIÓN, ETC.
Nombre del editor, distribuidor, etc. Ediciones Rumbo Norte
Fecha de publicación, distribución, etc. 2009
901 ## - ELEMENTOS DE DATOS A LOCAL LDA (RLIN)
a 15/5/2012 10:40:52 a.m.

No items available.

© 2024. Todos los Derechos Reservados. Desarrollado por IDEICE